| 000 | 00628cam a2200205 4500 | ||
|---|---|---|---|
| 001 | BFIL012026 | ||
| 008 | 1968 spa | ||
| 035 | _aBFIL012026 | ||
| 050 | 4 |
_aD16 _b.4 A74 1968 |
|
| 100 | 1 | _aArias Almaraz, Camilo | |
| 245 | 0 |
_aDidactica de la historia / _cCamilo Arias Almaraz, Manuel Gomora Parra. |
|
| 250 | _a2 | ||
| 260 |
_aMéxico : _bOasis, _c1968 |
||
| 300 |
_a162 p. ; _c20 cm. |
||
| 440 | 0 | _aBiblioteca Pedagogica de Mejoramiento Profesional ; 74 | |
| 500 | _a1 ejem. | ||
| 650 | 4 |
_aHistoria _xTecnicas y Estudio _xMexico |
|
| 650 | 4 |
_aHistoria _xEnseñanza _xMexico |
|
| 942 |
_2lcc _cLIB |
||
| 999 |
_c101843 _d101843 |
||